1028 1809 1118 1231 1312 1926 1361 1969 1673 1001 1611 1576 1940 1494 1144 1260 1597 1457 1502 1606 1001 1395 1256 1717 1246 1782 1293 1725 1522 1299 1796 1840 1628 1108 1985 1945 1246 1348 1703 1432 1783 1807 1572 1309 1750 1760 1167 1939 1896 1926 1761 1867 1208 1510 1280 1861 1155 1139 1199 1820 1057 1495 1180 1020 1479 1957 1815 1247 1038 1936 1698 1381 1464 1580 1970 1613 1980 1251 1541 1235 1216 1261 1015 1055 1265 1371 1788 1816 1273 1916 1795 1269 1637 1935 1791 1198 1362 1038 1968 BCNSPRNW ULIB Ver.6.0+V

เปลี่ยนเป็นภาษาไทย

Change to English
 แสดงรายละเอียดบรรณานุกรม
  กลับหน้าหลัก

Brief Record : Get Marc (ISO 2709) : E-mail record : QR code < ปิดหน้าต่าง
LEADER : 00000nam 2200000uu 4500
001    13399126504
003     ULIB
008    020711s2017 th a 000 0 eng d
020    ^a9780071840613
060    ^aWB18.2^bK28C
100    ^aC. Keith Stone , Roger Humphries
245    ^aCURRENT Diagnosis and Treatment Emergency Medicine
250    ^a8th ed
260    ^aNew York :^bMcGraw-Hill,^c2017
300    ^a1055 pages;^b26 cm
650    ^aEmergency--Medicine
650    ^aDiagnosis
945    ^p2626^l0^i004673
945    ^p2626^l0^i004689
999    ^aประนอม เกษจรัล
รายการนี้ยังไม่มีแท็ก
คุณยังไม่ได้ล็อกอิน คุณสามารถมีกิจกรรมร่วมกับเว็บไซต์ได้ แต่ต้องล็อกอินก่อน ::
  ล็อกอิน

รายการสื่อสารสนเทศ

ลำดับที่ ประเภท เลขเรียก/บาร์โค้ด สถานที่ สถานะ
1. วิทยาศาสตร์การแพทย์ และสุขภาพ
หนังสือสำรอง
สถานะ=หนังสือสำรอง
WB18.2 K28C ฉ.1 
  Barcode: 004673
ห้องสมุดวิทยาเขตสวรรค์ประชารักษ์
►หนังสือทั่วไป
บนชั้น
2. วิทยาศาสตร์การแพทย์ และสุขภาพ
วิทยาศาสตร์การแพทย์ และสุขภาพ
WB18.2 K28C ฉ.2 
  Barcode: 004689
ห้องสมุดวิทยาเขตสวรรค์ประชารักษ์
►หนังสือทั่วไป
บนชั้น

รายการใกล้เคียง
    หัวเรื่อง [Diagnosis]

BibComment


ยังไม่เคยถูกคอมเมนท์

คอมเมนท์ทรัพยากรรายการนี้
  คอมเมนท์: CURRENT Diagnosi..


 Copyright 2026. Bcnsprnw @Library